00592 2200229 4500001002100000005001700021008004100038020002200079035002400101040001200125082000800137090001500145100001800160245005500178250001800233260002700251300001900278500001100297650002400308850001200332990001800344YOGYA-0513000000021220130507091712.0 ind  a978-979-1486-21-7 0010-051300000000211 aYOPDYOG a658 a658bTho I aTHOHA, Miftah aIlmu administrasi publik komtemporercMiftah Thoha aEd. 1, cet. 2 aJakartabKencanac2008 a271 hlmc23 cm aIndeks aAdministrasi publik aYOPDYOG a47031-PB/B.09